000 00272nam a22001337a 4500
008 181102b xxu||||| |||| 00| 0 eng d
020 _a0970390270
041 _aeng
080 _a617
100 _a6
101 _aSHK
245 _aACS Surgery
_cSouba
942 _2udc
_cBK
999 _c51741
_d51741